00435 2200157 4500001002300000005001700023006001900040008004100059035002600100084001500126100002300141245002200164260004400186990002400230990002300254NBPULOT00000000000550520140628090219.0a ||| | 171130| ||| |  a 0010-061400000000996 a 813 ANA C0 a ANAM KHOIRUL ANAM00a CINTA DARI SURGA a YOGYKARTA b CUPID MEDIA GROUP c 2009 a 18904/APBD.II/2013 a 18903/APBDII/2013